| 000 | 00415nam a2200169Ia 4500 | ||
|---|---|---|---|
| 008 | 230711s9999||||xx |||||||||||||| ||und|| | ||
| 020 | _a978-93-5051-590-7 | ||
| 041 | _aENG | ||
| 082 |
_a658 _bRA-M |
||
| 100 | _aRamasamy,T | ||
| 245 | 0 | _aPrinciples of management | |
| 250 | _a8th Ed. | ||
| 260 |
_c2013 _aMumbai _bHimalaya Publishing House |
||
| 300 | _a366 | ||
| 650 | _aUNIVESITY BUSNIESS SCHOOL | ||
| 942 | _cBK | ||
| 999 |
_c5570 _d5570 |
||